• 首页
  • 本馆介绍
  • 公告通知
  • 最新文献
  • 馆藏检索
  • 电子资源
  • 读者导购
  • 参考咨询
  • 我的图书馆
  • 登录
  • 详细信息显示
  • 放入我的书架
  • 预约/预借图书
  • 作者相关作品
  • 分类相关作品
  • 丛书相关作品
  • 出版社相关作品

书目信息

  • 表格格式
  • 工作单格式
  • 卡片格式
题名:
诗经韵读 楚辞韵读
    
 
作者: 王力 著
分册:  
出版信息: 北京   中国人民大学出版社  2004
页数: 484页
开本: 22cm
丛书名: 王力别集
单 册:
中图分类: H111
科图分类:
主题词: 音韵学
电子资源:
ISBN: 7-300-05896-5
000 01315nam0 2200397 450
000 01278nam0 2200385 450
000 01276nam0 2200397 450
000 01222nam0 2200373 450
000 01240nam0 2200361 450
000 01203nam0 2200349 45
001 TS2006028217
005 20061214094837.67
010    @a7-300-05896-5@dCNY24.80
100    @a20060829d2004 em y0chiy0110 ea
101 0  @achi
102    @aCN@b110000
105    @ay z 001yy
200 1  @a诗经韵读 楚辞韵读@Ashi jing yun du chu ci yun du@f王力著
210    @a北京@c中国人民大学出版社@d2004
215    @a484页@d22cm
225 2  @a王力别集@v2
300    @a朗朗书房
330    @a本书由诗经韵读和楚辞韵读两部分组成,前者以《诗经》的全部篇章为研究对象,阐述了王力的古音学主张;后者详列《楚辞》韵部分部的具体情况,并就《楚辞》中各句韵脚加以详细音标标注。
410  0 @12001 @a王力别集
510 1  @aStudies of Rhyme in Shi-Jing and Chu-ci@zeng
605    @a诗经@x音韵学@x研究
605    @a楚辞@x音韵学@x研究
605    @a楚辞
605    @a诗经
606 0  @a音韵学
690    @aH111@v4
701  0 @a王力@Awang li@f(1900~1986)@4著
801  0 @aCN@b中图数据@c20061214
905    @a10447@dH111@e102
    
    诗经韵读 楚辞韵读/王力著.-北京:中国人民大学出版社,2004
    484页;22cm.-(王力别集;2)
    朗朗书房
    
    ISBN 7-300-05896-5:CNY24.80
    本书由诗经韵读和楚辞韵读两部分组成,前者以《诗经》的全部篇章为研究对象,阐述了王力的古音学主张;后者详列《楚辞》韵部分部的具体情况,并就《楚辞》中各句韵脚加以详细音标标注。
●
相关链接 在E读中查询图书 在五车中查询图书 在当当中查询图书 在豆瓣中查询图书


正题名:诗经韵读 楚辞韵读     索取号:H111/102         预约/预借

序号 登录号 条形码 馆藏地/架位号 状态 备注
1 0617565   206175654   第二样本阅览室/ [索取号:H111/102] 在馆    
2 0617566   206175663   第四借阅区/ [索取号:H111/102] 在馆    
3 0617567   206175672   第四借阅区/ [索取号:H111/102] 在馆    
4 0617568   206175681   第四借阅区/ [索取号:H111/102] 在馆    
5 0617569   206175690   第四借阅区/ [索取号:H111/102] 在馆    
唐山师范学院图书馆 欢迎您!
大连网信软件有限公司© 版权所有